Rubber nanocomposites barrier coatings offer higher properties (Record no. 51430)

MARC details
000 -LEADER
fixed length control field 00344nam a2200121Ia 4500
100 ## - MAIN ENTRY--AUTHOR NAME
Personal name Varghese S
245 #0 - TITLE STATEMENT
Title Rubber nanocomposites barrier coatings offer higher properties
260 ## - PUBLICATION, DISTRIBUTION, ETC. (IMPRINT)
Name of publisher Rubber Asia
Year of publication 2013
300 ## - PHYSICAL DESCRIPTION
Number of Pages 154,156,158,160,162.00
650 ## - SUBJECT ADDED ENTRY--TOPICAL TERM
Topical Term Rubber nanocomposites
942 ## - ADDED ENTRY ELEMENTS (KOHA)
Koha item type Bibliography STAF
Holdings
Withdrawn status Lost status Damaged status Not for loan Home library Current library Shelving location Date acquired Serial Enumeration / chronology Koha item type
      Bibliography RRII Library RRII Library Rubber technology 12/03/2013 Volume Spl, Issue Jan Bibliography STAF